Ricostruisci la Carriera del Calciatore - Casemiro - Statistics

Statistiche generali
  • Questo quiz è stato fatto 41 volte
  • Il punteggio medio è 5 su 6
Statistiche sulle risposte
Hint Risposta % Corretto
2022- Manchester Utd
93%
2010-2013 San Paolo
86%
2015-2022 Real Madrid
83%
2013 Real M. Castilla
76%
2014-2015 Porto
69%
2013-2014 Real Madrid
48%
Nessun quiz corrispondente trovato
Distribuzione punteggi
Percentuale di utenti per punteggio
Percentile per numero di risposta
I tuoi punteggi nel tempo
Non hai fatto questo quiz